|
|
|
|
| LEADER |
00000cam a2200000 a 4500 |
| 001 |
1/108024 |
| 008 |
150820s1959####fr | ||| |||| ||fre|| |
| 040 |
|
|
|a GR-MyUa
|b gre
|c GR-MyUa
|e AACR2
|
| 041 |
1 |
|
|a fre
|
| 082 |
7 |
|
|a 510
|2 (23)
|
| 100 |
1 |
|
|a Gamow, George,
|d 1904-1968.
|
| 245 |
1 |
0 |
|a Jeux mathematiques :
|b quelques casse-tete /
|c par G. Gamow, M. Stern ; traduit par Genevieve Gueron.
|
| 260 |
|
|
|a Paris :
|b Dunod,
|c 1959
|
| 300 |
|
|
|a xii, 105 σ. :
|b εικ., σχέδια ;
|c 21 εκ.
|
| 650 |
|
0 |
|a Mathematics.
|
| 700 |
1 |
|
|a Stern, Marvin,
|e aut
|
| 700 |
1 |
|
|a Gueron, Genevieve,
|e trl
|
| 852 |
|
|
|a INST
|b SAMOS
|c MAG
|e 20150820
|h 510 GAM
|p 005300035322
|q 005300035322
|t BK
|y 0
|
| 970 |
|
|
|a Σιτζίμη
|b Γιασεμή
|z 20/08/2015
|